Jingle all the way / 20th Century Fox presents a 1492 picture ; a Brian Levant film ; written by Randy Kornfield ; produced by Chris Columbus, Mark Radcliffe, Michael Barnathan ; directed by Brian Levant.
Desperate to buy a hot-selling toy, a father endures a frantic last-minute shopping spree on Christmas Eve.
Record details
- Physical Description: 1 videodisc (122 min.) : sound, color ; 4 3/4 in.
- Publisher: Beverly Hills, Calif. : 20th Century Fox Home Entertainment, [2007]
Content descriptions
| General Note: | Originally released as a motion picture in 1996. Special features: Extended director's cut with footage not shown in theaters; two set-top games: "Christmas rush" and "Guess the gift"; "The making of a hero," "Super kids," and "Turbo Man behind the mask" featurettes. |
| Creation/Production Credits Note: | Director of photography, Victor J. Kemper ; editors, Kent Beyda, Wilton Henderson ; music, David Newman. |
| Participant or Performer Note: | Arnold Schwarzenegger, Sinbad, Phil Hartman, Rita Wilson, Robert Conrad, Martin Mull, Jake Lloyd, Jim Belushi. |
| Target Audience Note: | MPAA rating: PG, for action violence, mild language and some thematic elements. |
| System Details Note: | DVD, region 1, widescreen (1.85:1) presentation; Dolby Digital 5.1 surround, Dolby Digital stereo., Dolby Digital surround, dual layer, NTSC. |
| Language Note: | English (5.1 Dolby surround), dubbed French (Dolby surround) or dubbed Spanish (stereo.) dialogue, with optional English or Spanish subtitles; closed-captioned. |
Search for related items by subject
| Subject: | Christmas shopping > Drama. Gifts > Drama. Action figures (Toys) > Drama. Fathers and sons > Drama. |
| Genre: | Adventure > Feature. Feature films. Christmas films. Comedy films. Action and adventure films. Video recordings for the hearing impaired. Films for the hearing impaired. Fiction films. |
Available copies
- 1 of 1 copy available at scottsboropl.
Holds
- 0 current holds with 1 total copy.
Show Only Available Copies
| Location | Call Number / Copy Notes | Barcode | Shelving Location | Status | Due Date |
|---|---|---|---|---|---|
| scottsboropl | J DVD Jin | 32269001140519 | Juvenile - DVD | Available | - |
| LDR | 03385cgm a2200721Ia 4500 | ||
|---|---|---|---|
| 001 | 153093 | ||
| 003 | CONS | ||
| 005 | 20200212131730.0 | ||
| 007 | vd cvaizk | ||
| 008 | 070809p20071996cau122 e vleng d | ||
| 024 | 1 | . | ‡a024543465478 |
| 024 | 1 | . | ‡a024543465485 |
| 024 | 1 | . | ‡a02454346547850 |
| 028 | 4 | 2. | ‡a2246547 ‡b20th Century Fox Home Entertainment |
| 035 | . | ‡a(CPomAG)LMN615310 | |
| 041 | 1 | . | ‡aeng ‡afre ‡aspa ‡jeng ‡jspa ‡heng |
| 050 | 1 | 4. | ‡aPN1995.9.C5113 ‡bJ56454 2007 |
| 082 | 0 | 4. | ‡a791.43/72 ‡222 |
| 245 | 0 | 0. | ‡aJingle all the way / ‡c20th Century Fox presents a 1492 picture ; a Brian Levant film ; written by Randy Kornfield ; produced by Chris Columbus, Mark Radcliffe, Michael Barnathan ; directed by Brian Levant. |
| 260 | . | ‡aBeverly Hills, Calif. : ‡b20th Century Fox Home Entertainment, ‡c[2007] | |
| 300 | . | ‡a1 videodisc (122 min.) : ‡bsound, color ; ‡c4 3/4 in. | |
| 336 | . | ‡atwo-dimensional moving image ‡btdi ‡2rdacontent | |
| 337 | . | ‡avideo ‡bv ‡2rdamedia | |
| 338 | . | ‡avideodisc ‡bvd ‡2rdacarrier | |
| 500 | . | ‡aOriginally released as a motion picture in 1996. | |
| 500 | . | ‡aSpecial features: Extended director's cut with footage not shown in theaters; two set-top games: "Christmas rush" and "Guess the gift"; "The making of a hero," "Super kids," and "Turbo Man behind the mask" featurettes. | |
| 508 | . | ‡aDirector of photography, Victor J. Kemper ; editors, Kent Beyda, Wilton Henderson ; music, David Newman. | |
| 511 | 1 | . | ‡aArnold Schwarzenegger, Sinbad, Phil Hartman, Rita Wilson, Robert Conrad, Martin Mull, Jake Lloyd, Jim Belushi. |
| 520 | . | ‡aDesperate to buy a hot-selling toy, a father endures a frantic last-minute shopping spree on Christmas Eve. | |
| 521 | 8 | . | ‡aMPAA rating: PG, for action violence, mild language and some thematic elements. |
| 538 | . | ‡aDVD, region 1, widescreen (1.85:1) presentation; Dolby Digital 5.1 surround, Dolby Digital stereo., Dolby Digital surround, dual layer, NTSC. | |
| 546 | . | ‡aEnglish (5.1 Dolby surround), dubbed French (Dolby surround) or dubbed Spanish (stereo.) dialogue, with optional English or Spanish subtitles; closed-captioned. | |
| 650 | 0. | ‡aChristmas shopping ‡vDrama. | |
| 650 | 0. | ‡aGifts ‡vDrama. | |
| 650 | 0. | ‡aAction figures (Toys) ‡vDrama. | |
| 650 | 0. | ‡aFathers and sons ‡vDrama. | |
| 655 | 4. | ‡aAdventure ‡vFeature. | |
| 655 | 7. | ‡aFeature films. ‡2lcgft | |
| 655 | 7. | ‡aChristmas films. ‡2lcgft | |
| 655 | 7. | ‡aComedy films. ‡2lcgft | |
| 655 | 7. | ‡aAction and adventure films. ‡2lcgft | |
| 655 | 7. | ‡aVideo recordings for the hearing impaired. ‡2lcgft | |
| 655 | 7. | ‡aFilms for the hearing impaired. ‡2lcgft | |
| 655 | 7. | ‡aFiction films. ‡2lcgft | |
| 700 | 1 | . | ‡aLevant, Brian. |
| 700 | 1 | . | ‡aKornfield, Randy. |
| 700 | 1 | . | ‡aColumbus, Chris. |
| 700 | 1 | . | ‡aRadcliffe, Mark, ‡d1952- |
| 700 | 1 | . | ‡aBarnathan, Michael. |
| 700 | 1 | . | ‡aSchwarzenegger, Arnold. |
| 700 | 0 | . | ‡aSinbad, ‡d1956- |
| 700 | 1 | . | ‡aHartman, Phil. |
| 700 | 1 | . | ‡aWilson, Rita. |
| 700 | 1 | . | ‡aConrad, Robert, ‡d1935- |
| 700 | 1 | . | ‡aBelushi, James, ‡d1954- |
| 700 | 1 | . | ‡aLloyd, Jake, ‡d1989- |
| 700 | 1 | . | ‡aMull, Martin. |
| 710 | 2 | . | ‡aTwentieth Century-Fox Film Corporation. |
| 710 | 2 | . | ‡a1492 Pictures. |
| 710 | 2 | . | ‡aTwentieth Century Fox Home Entertainment, Inc. |
| 914 | . | ‡aSCP_LP | |
| 959 | . | ‡i32269001140519 ‡lJ DVD Jin ‡aJuvenile - DVD ‡tDVD ‡g35.00 | |
| 852 | . | ‡p32269001140519 ‡jJ DVD Jin ‡gJuvenile - DVD ‡cDVD ‡y35.00 ‡bSBPL | |
| 901 | . | ‡a153093 ‡bUnknown ‡c153093 ‡tbiblio | |